| 000 | 00754nam a2200241 a 4500 | ||
|---|---|---|---|
| 001 | 53225 | ||
| 003 | BD-RjUL | ||
| 005 | 20211209075928.0 | ||
| 008 | 161004s2001 ii ||||| |||| 00| 0 eng d | ||
| 020 | _a8170352339 | ||
| 035 | _a(BD-RjUL)53345 | ||
| 040 |
_aBD-RjUL _beng _cBD-RjUL |
||
| 041 | _aeng | ||
| 082 |
_223 _a584.40954 _bAUO 2001 |
||
| 100 |
_aAugustine, Johns _9159091 |
||
| 245 | 1 | 0 |
_aOrchids of India- II : _bBiodiversity and status of Bulbophyllum Thou / _cJohns Augustine; Yogendra Kumar; Jauti Sharma |
| 260 |
_aDelhi : _bDaya Pub. House, _c2001. |
||
| 300 |
_a113 p. : _bill. ; _c23 cm. |
||
| 650 |
_aOrchids _zIndia. _9159092 |
||
| 700 |
_aKumar, Yogendra _9159093 |
||
| 700 |
_aSharma, Jauti _9159094 |
||
| 942 |
_2ddc _cBK |
||
| 999 |
_c53225 _d53225 |
||